[Event "62.Camp. Veneto Quarti di Finale"]
[Site "Arquà Petrarca ITA"]
[Date "2002.05.04"]
[Round "1.10"]
[White "Zotti, Enrico"]
[Black "Minati, Donato"]
[Result "1/2-1/2"]
[WhiteElo "1749"]
[BlackElo "1512"]
[Annotator "Gabriele Ballarin"]
[PlyCount "68"]
[EventDate "2002.05.04"]
[EventType "swiss"]
[EventRounds "6"]
[EventCountry "ITA"]

1. Nf3 Nf6 2. b3 d5 3. Bb2 e6 4. e3 Bd6 5. c4 O-O 6. Nc3 c6 7. Rc1 Qe7 8. Be2 Nbd7 9. O-O e5 10. cxd5 Nxd5 11. Ne4 Ba3 12. Bxa3 Qxa3 13. d4 Qe7 14. Bc4 Rd8 15. Bxd5 cxd5 16. Nc5 Nxc5 17. Rxc5 b6 18. Rc3 Ba6 19. Re1 e4 20. Ne5 Rdc8 21. Qd2 Rxc3 22. Qxc3 Rc8 23. Nc6 Qd6 24. Rc1 f6 25. b4 Kf8 26. Qa3 Bc4 27. Nxa7 Ra8 28. Nb5 Rxa3 29. Nxd6 b5 30. Nxc4 dxc4 31. Rc2 Ke7 32. Kf1 Kd6 33. Ke2 Kd5 34. Rb2 Kd6 1/2-1/2

[Event "62.Camp. Veneto Quarti di Finale"]
[Site "Arquà Petrarca ITA"]
[Date "2002.05.04"]
[Round "1.11"]
[White "Barbetta, Cosimo"]
[Black "Pechy, Alaster"]
[Result "1/2-1/2"]
[WhiteElo "1510"]
[BlackElo "1840"]
[Annotator "Gabriele Ballarin"]
[PlyCount "93"]
[EventDate "2002.05.04"]
[EventType "swiss"]
[EventRounds "6"]
[EventCountry "ITA"]

1. e4 c5 2. Nf3 d6 3. Nc3 g6 4. Bc4 Bg7 5. O-O Nf6 6. d3 Nc6 7. a3 O-O 8. Nd5 Bg4 9. h3 Bxf3 10. Qxf3 Ne5 11. Qe2 Nxc4 12. dxc4 Rb8 13. c3 Kh8 14. Bg5 Ng8 15. Rad1 Qd7 16. Qc2 e6 17. Ne3 Qc6 18. Rd2 Nf6 19. f3 Rfc8 20. Rfd1 Ne8 21. Bf4 Bf8 22. e5 Rd8 23. Ng4 h5 24. Nf2 Kh7 25. Ne4 Rd7 26. exd6 f6 27. Ng3 Kg7 28. Qe4 e5 29. Qxc6 bxc6 30. Be3 Rxd6 31. Bxc5 Rxd2 32. Bxf8+ Kxf8 33. Rxd2 Ke7 34. Ne4 f5 35. Nc5 Nd6 36. b3 a5 37. a4 g5 38. Kf2 f4 39. Ke2 Rg8 40. Ne4 Nxe4 41. fxe4 g4 42. h4 g3 43. Rd1 Rg4 44. Rh1 Kd6 45. Kf3 Kc5 46. Ke2 Rg8 47. Rd1 1/2-1/2

[Event "62.Camp. Veneto Quarti di Finale"]
[Site "Arquà Petrarca ITA"]
[Date "2002.05.04"]
[Round "1.12"]
[White "Bassetto, Marco"]
[Black "Mason, Andrea"]
[Result "1-0"]
[WhiteElo "1792"]
[BlackElo "1503"]
[Annotator "Gabriele Ballarin"]
[PlyCount "35"]
[EventDate "2002.05.04"]
[EventType "swiss"]
[EventRounds "6"]
[EventCountry "ITA"]

1. e4 e6 2. d4 d5 3. Nc3 Nf6 4. e5 Nfd7 5. Nf3 c5 6. Bb5 Nc6 7. Bxc6 bxc6 8. O-O Be7 9. dxc5 Bxc5 10. Bg5 Qc7 11. Re1 O-O 12. Na4 Ba6 13. Nxc5 Nxc5 14. Qd4 Ne4 15. Rxe4 dxe4 16. Qxe4 Qd7 17. Bf6 gxf6 18. exf6 1-0

[Event "62.Camp. Veneto Quarti di Finale"]
[Site "Arquà Petrarca ITA"]
[Date "2002.05.04"]
[Round "1.13"]
[White "Alessi, Giovanni"]
[Black "Valentini, Luca"]
[Result "1/2-1/2"]
[WhiteElo "1492"]
[BlackElo "1785"]
[Annotator "Gabriele Ballarin"]
[PlyCount "116"]
[EventDate "2002.05.04"]
[EventType "swiss"]
[EventRounds "6"]
[EventCountry "ITA"]

1. d4 Nf6 2. g3 g6 3. Bg2 Bg7 4. Nf3 O-O 5. O-O d6 6. c4 Nc6 7. Nc3 a6 8. e4 Rb8 9. a4 Nd7 10. Be3 Na5 11. Qd3 c5 12. Rab1 Nc6 13. d5 Nb4 14. Qd2 Nb6 15. b3 Re8 16. Bh6 Na8 17. Bxg7 Kxg7 18. e5 Bf5 19. Rb2 Nd3 20. Ra2 Nxe5 21. Nh4 Qd7 22. Nxf5+ Qxf5 23. f4 Nd7 24. Ne4 Nf6 25. Nf2 Qd7 26. Bh3 Qc7 27. Qc3 Kg8 28. Re2 b5 29. g4 bxa4 30. bxa4 e5 31. fxe5 Rxe5 32. Rxe5 dxe5 33. Rd1 Ne8 34. Bg2 Nb6 35. d6 Qd7 36. a5 Nc8 37. Qxe5 Ncxd6 38. Bd5 Rd8 39. h3 Ng7 40. Ne4 Kf8 41. Rf1 Nxe4 42. Qxe4 f5 43. Qe5 Qe7 44. Qxe7+ Kxe7 45. Rb1 fxg4 46. Rb7+ Rd7 47. Rb6 Rd6 48. Bc6 Kf6 49. Bb7 Rxb6 50. axb6 Ke7 51. Bxa6 Kd6 52. b7 Kc7 53. Kf2 Ne6 54. Ke3 Nd8 55. Ke4 Nxb7 56. Kd5 Kb6 57. Bb5 h5 58. hxg4 hxg4 1/2-1/2

[Event "62.Camp. Veneto Quarti di Finale"]
[Site "Arquà Petrarca ITA"]
[Date "2002.05.04"]
[Round "1.15"]
[White "Cipolotti, Piersilvio"]
[Black "Guclu, Yaman"]
[Result "1-0"]
[WhiteElo "1455"]
[BlackElo "1774"]
[Annotator "Gabriele Ballarin"]
[PlyCount "59"]
[EventDate "2002.05.04"]
[EventType "swiss"]
[EventRounds "6"]
[EventCountry "ITA"]

1. Nf3 d5 2. g3 c5 3. Bg2 Nc6 4. O-O Bg4 5. d3 e6 6. Nbd2 Bd6 7. c3 Nge7 8. Qe1 Qc7 9. e4 f6 10. h3 Bh5 11. Nh2 Bf7 12. a3 h5 13. Ndf3 O-O-O 14. h4 g5 15. hxg5 h4 16. gxh4 Ng6 17. gxf6 Nxh4 18. e5 Nxg2 19. exd6 Qxd6 20. Kxg2 Rdg8+ 21. Bg5 Rxg5+ 22. Nxg5 Rxh2+ 23. Kg1 Qf4 24. Qe3 Qh4 25. Qg3 Ne5 26. Qxh4 Rxh4 27. Nxf7 Rg4+ 28. Kh1 Nxf7 29. Rg1 Rh4+ 30. Kg2 1-0

[Event "62.Camp. Veneto Quarti di Finale"]
[Site "Arquà Petrarca ITA"]
[Date "2002.05.04"]
[Round "1.16"]
[White "Roberti, Ignazio"]
[Black "Nizzardo, Mattia"]
[Result "1-0"]
[WhiteElo "1769"]
[BlackElo "1452"]
[Annotator "Gabriele Ballarin"]
[PlyCount "37"]
[EventDate "2002.05.04"]
[EventType "swiss"]
[EventRounds "6"]
[EventCountry "ITA"]

1. e4 d5 2. exd5 Qxd5 3. Nc3 Qd8 4. Nf3 Nf6 5. d4 e6 6. Be2 Bb4 7. O-O Bxc3 8. bxc3 h6 9. Ba3 Nbd7 10. Rb1 b6 11. Bb5 a6 12. Bc6 Ra7 13. Ne5 g5 14. f4 g4 15. f5 Nd5 16. Nxf7 Ne3 17. Qe2 Qf6 18. Qxe3 Qxf7 19. fxe6 1-0

[Event "62.Camp. Veneto Quarti di Finale"]
[Site "Arquà Petrarca ITA"]
[Date "2002.05.04"]
[Round "1.17"]
[White "Frascati, Francesco"]
[Black "Baracchi, Filippo"]
[Result "1/2-1/2"]
[WhiteElo "1450"]
[BlackElo "1756"]
[Annotator "Gabriele Ballarin"]
[PlyCount "52"]
[EventDate "2002.05.04"]
[EventType "swiss"]
[EventRounds "6"]
[EventCountry "ITA"]

1. e4 c5 2. Nf3 Nc6 3. d4 cxd4 4. Nxd4 Nf6 5. Nc3 e5 6. Ndb5 d6 7. Bg5 a6 8. Na3 b5 9. Nd5 Be7 10. Bxf6 Bxf6 11. Bd3 Bb7 12. Qd2 Ne7 13. c4 Nxd5 14. cxd5 O-O 15. O-O Rc8 16. Nc2 Bg5 17. Qb4 Rc5 18. Ne3 Qb6 19. Nf5 g6 20. h4 Bf6 21. Nh6+ Kg7 22. Qd2 Bxh4 23. g3 Bxg3 24. Nf5+ gxf5 25. Qg5+ Kh8 26. Qf6+ Kg8 1/2-1/2

[Event "62.Camp. Veneto Quarti di Finale"]
[Site "Arquà Petrarca ITA"]
[Date "2002.05.04"]
[Round "1.18"]
[White "Ferrari, Mario"]
[Black "Arras, Antonio"]
[Result "1/2-1/2"]
[WhiteElo "1737"]
[BlackElo "1446"]
[Annotator "Gabriele Ballarin"]
[PlyCount "66"]
[EventDate "2002.05.04"]
[EventType "swiss"]
[EventRounds "6"]
[EventCountry "ITA"]

1. e4 c5 2. c3 d5 3. e5 Nc6 4. d4 Qb6 5. Ne2 Bg4 6. f3 Bf5 7. b3 e6 8. Ba3 Be7 9. Bb2 cxd4 10. cxd4 Bb4+ 11. Nbc3 Nge7 12. h4 h5 13. Rc1 O-O 14. Kf2 Nxe5 15. Nf4 Bg6 16. Na4 Qa5 17. dxe5 Rac8 18. Nxg6 fxg6 19. Bd3 b5 20. a3 bxa4 21. axb4 Qxb4 22. Rxc8 Rxc8 23. Bc2 axb3 24. Bb1 Nf5 25. Bxf5 gxf5 26. Kg3 a5 27. Qd3 Rc2 28. Rb1 a4 29. Qa6 Qd2 30. Qxe6+ Kh8 31. Qe8+ Kh7 32. Qxh5+ Kg8 33. Qe8+ Kh7 1/2-1/2

[Event "62.Camp. Veneto Quarti di Finale"]
[Site "Arquà Petrarca ITA"]
[Date "2002.05.04"]
[Round "1.19"]
[White "Colusso, Enrico"]
[Black "Marson, Luca"]
[Result "0-1"]
[WhiteElo "1446"]
[BlackElo "1732"]
[Annotator "Gabriele Ballarin"]
[PlyCount "48"]
[EventDate "2002.05.04"]
[EventType "swiss"]
[EventRounds "6"]
[EventCountry "ITA"]

1. e4 c5 2. Nf3 d6 3. d4 cxd4 4. Nxd4 Nf6 5. Nc3 a6 6. Be2 e5 7. Nf3 h6 8. O-O Be7 9. Bc4 Qc7 10. Qe2 b5 11. Bb3 Bb7 12. Rd1 Nbd7 13. Nd5 Nxd5 14. Bxd5 Nf6 15. Bxb7 Qxb7 16. Nd2 Rc8 17. c3 O-O 18. f3 Rfd8 19. Nf1 d5 20. exd5 Rxd5 21. Be3 Rcd8 22. Rxd5 Qxd5 23. Bb6 Bc5+ 24. Ne3 Bxb6 0-1

[Event "62.Camp. Veneto Quarti di Finale"]
[Site "Arquà Petrarca ITA"]
[Date "2002.05.04"]
[Round "1.20"]
[White "Carlassara, Renato"]
[Black "Meggiorin, Orlando"]
[Result "1-0"]
[WhiteElo "1690"]
[BlackElo "1432"]
[Annotator "Gabriele Ballarin"]
[PlyCount "35"]
[EventDate "2002.05.04"]
[EventType "swiss"]
[EventRounds "6"]
[EventCountry "ITA"]

1. e4 e6 2. d4 d5 3. Nd2 c5 4. exd5 Qxd5 5. Ngf3 cxd4 6. Bc4 Qd6 7. O-O e5 8. Re1 Nc6 9. Nxe5 Nxe5 10. f4 f6 11. fxe5 fxe5 12. Bb5+ Bd7 13. Nc4 Bxb5 14. Nxd6+ Bxd6 15. Bf4 O-O-O 16. Bxe5 Bxe5 17. Rxe5 Nf6 18. Rxb5 1-0

[Event "62.Camp. Veneto Quarti di Finale"]
[Site "Arquà Petrarca ITA"]
[Date "2002.05.04"]
[Round "1.21"]
[White "Levi Minzi, Matteo"]
[Black "Mocellin, Gianfranco"]
[Result "1/2-1/2"]
[WhiteElo "1425"]
[BlackElo "1675"]
[Annotator "Gabriele Ballarin"]
[PlyCount "47"]
[EventDate "2002.05.04"]
[EventType "swiss"]
[EventRounds "6"]
[EventCountry "ITA"]

1. Nf3 d5 2. d4 e6 3. Bf4 Bd6 4. Qd2 Nc6 5. Bxd6 Qxd6 6. a3 h6 7. Nc3 a6 8. e4 Nge7 9. e5 Qd8 10. Bd3 O-O 11. Ne2 f5 12. Nf4 Qe8 13. h4 Ng6 14. Rh3 Nxf4 15. Qxf4 Qe7 16. Rg3 Kh8 17. h5 Bd7 18. Nh4 Be8 19. Rg6 Kh7 20. O-O-O Bxg6 21. Nxg6 Qg5 22. Nxf8+ Rxf8 23. Qxg5 hxg5 24. g4 1/2-1/2

[Event "62.Camp. Veneto Quarti di Finale"]
[Site "Arquà Petrarca ITA"]
[Date "2002.05.04"]
[Round "1.22"]
[White "Trangoni, Bruno"]
[Black "De Nard, Stefano"]
[Result "1-0"]
[WhiteElo "1671"]
[BlackElo "1422"]
[Annotator "Gabriele Ballarin"]
[PlyCount "59"]
[EventDate "2002.05.04"]
[EventType "swiss"]
[EventRounds "6"]
[EventCountry "ITA"]

1. f4 c5 2. Nf3 Nc6 3. e3 d6 4. c4 Nf6 5. Be2 h6 6. O-O Qc7 7. Nc3 Bf5 8. d4 cxd4 9. Nxd4 Nxd4 10. exd4 g6 11. Nb5 Qc8 12. Be3 Bg7 13. Rc1 O-O 14. Kh1 a6 15. Nc3 Bg4 16. Na4 Bxe2 17. Qxe2 Qg4 18. Qd3 Rac8 19. Nc3 Qd7 20. f5 Kh7 21. Rf3 Rg8 22. Rcf1 Bf8 23. Ne4 Nxe4 24. fxg6+ fxg6 25. Rf7+ Bg7 26. Qxe4 Rgf8 27. R1f6 Rxf7 28. Qxg6+ Kh8 29. Rxf7 Rg8 30. Bxh6 1-0

[Event "62.Camp. Veneto Quarti di Finale"]
[Site "Arquà Petrarca ITA"]
[Date "2002.05.04"]
[Round "1.23"]
[White "Franco, Leopoldo"]
[Black "Belloni, Umberto"]
[Result "0-1"]
[WhiteElo "1400"]
[BlackElo "1662"]
[Annotator "Gabriele Ballarin"]
[PlyCount "128"]
[EventDate "2002.05.04"]
[EventType "swiss"]
[EventRounds "6"]
[EventCountry "ITA"]

1. d4 d5 2. Nc3 Bf5 3. e3 Nf6 4. Bd3 Bg4 5. Nge2 e6 6. O-O c6 7. f3 Bh5 8. g4 Bg6 9. Bxg6 hxg6 10. Rf2 Bd6 11. Rg2 Qc7 12. f4 Nbd7 13. Bd2 O-O-O 14. a3 Rh3 15. Rg3 Rxg3+ 16. Nxg3 Rh8 17. g5 Nh5 18. Qf3 f5 19. Nxh5 Rxh5 20. Be1 c5 21. Nb5 Qb6 22. Nxd6+ Qxd6 23. dxc5 Qxc5 24. Qe2 Nb6 25. b3 Rh3 26. Bf2 Qc3 27. Rd1 Rh8 28. Be1 Qc6 29. Rd3 Kb8 30. Bc3 Rc8 31. Be5+ Ka8 32. c3 Nd7 33. Bd4 Nc5 34. Bxc5 Qxc5 35. b4 Qc4 36. a4 Qb3 37. a5 Rxc3 38. Rxc3 Qxc3 39. Kf2 Qxb4 40. Qa2 Qd6 41. Qb2 Qc7 42. Kf3 Kb8 43. Qb5 Qc6 44. Qb4 d4+ 45. Ke2 dxe3 46. Qf8+ Qc8 47. Qxg7 Qc2+ 48. Kxe3 Qe4+ 49. Kd2 Qxf4+ 50. Kc3 Qc7+ 51. Qxc7+ Kxc7 52. Kd4 Kd6 53. h4 e5+ 54. Kc4 Ke6 55. Kc5 b6+ 56. axb6 axb6+ 57. Kxb6 f4 58. Kc7 Kf5 59. Kd6 e4 60. Ke7 Kg4 61. Kf6 Kh5 62. Ke5 f3 63. Kxe4 f2 64. Ke5 f1=Q 0-1

[Event "62.Camp. Veneto Quarti di Finale"]
[Site "Arquà Petrarca ITA"]
[Date "2002.05.04"]
[Round "1.24"]
[White "Sanavio, Giancarlo"]
[Black "Angelini, Francesco"]
[Result "1/2-1/2"]
[WhiteElo "1648"]
[BlackElo "1300"]
[Annotator "Gabriele Ballarin"]
[PlyCount "38"]
[EventDate "2002.05.04"]
[EventType "swiss"]
[EventRounds "6"]
[EventCountry "ITA"]

1. Nf3 e6 2. c4 f5 3. g3 Nf6 4. Bg2 Be7 5. O-O O-O 6. d4 d6 7. Nc3 Nbd7 8. Bg5 Qe8 9. d5 e5 10. Nd2 h6 11. Bxf6 Nxf6 12. e3 Qg6 13. Qe2 Bd7 14. f4 e4 15. Nb5 Bd8 16. Nd4 Qg4 17. b4 Qxe2 18. Nxe2 Ng4 19. Rfc1 Nxe3 1/2-1/2

[Event "62.Camp. Veneto Quarti di Finale"]
[Site "Arquà Petrarca ITA"]
[Date "2002.05.04"]
[Round "1.25"]
[White "Bau, Lorenzo"]
[Black "Zavagli, Massimo"]
[Result "0-1"]
[WhiteElo "1300"]
[BlackElo "1642"]
[Annotator "Gabriele Ballarin"]
[PlyCount "40"]
[EventDate "2002.05.04"]
[EventType "swiss"]
[EventRounds "6"]
[EventCountry "ITA"]

1. e4 d6 2. Be2 Nf6 3. Nc3 g6 4. d3 Bg7 5. Bd2 O-O 6. Nf3 c5 7. Nd5 Nxd5 8. exd5 Bxb2 9. Rb1 Bg7 10. O-O Nd7 11. Ng5 Nf6 12. c4 Rb8 13. Ne4 a6 14. Ba5 Qxa5 15. Nxf6+ Bxf6 16. f4 Qxa2 17. Rf2 Bd4 18. h4 h5 19. Ra1 Qxa1 20. Qxa1 Bxa1 0-1

[Event "62.Camp. Veneto Quarti di Finale"]
[Site "Arquà Petrarca ITA"]
[Date "2002.05.04"]
[Round "1.26"]
[White "Chinello, Silvio"]
[Black "Cedriano, Filippo"]
[Result "0-1"]
[WhiteElo "1300"]
[BlackElo "1624"]
[Annotator "Gabriele Ballarin"]
[PlyCount "88"]
[EventDate "2002.05.04"]
[EventType "swiss"]
[EventRounds "6"]
[EventCountry "ITA"]

1. e4 g6 2. d4 Bg7 3. c3 Nf6 4. Bc4 d6 5. e5 dxe5 6. dxe5 Qxd1+ 7. Kxd1 Ng4 8. Be3 Nxe3+ 9. fxe3 Bxe5 10. Nf3 Bg7 11. Na3 O-O 12. Ke2 Bf5 13. Nb5 Na6 14. Rhf1 c6 15. Nbd4 Bxd4 16. exd4 b5 17. Bb3 Bg4 18. h3 Bxf3+ 19. Rxf3 Nc7 20. Raf1 Nd5 21. g4 a5 22. c4 a4 23. cxd5 axb3 24. Rxb3 cxd5 25. a3 Ra4 26. Kd3 Rb8 27. Rc1 Rc4 28. Rcc3 f6 29. Rb4 e5 30. dxe5 fxe5 31. Kc2 Rxb4 32. axb4 Kf7 33. Rc7+ Kf6 34. Rxh7 Rc8+ 35. Kd3 Rc4 36. Rd7 Ke6 37. Rg7 Kf6 38. Rd7 d4 39. Rd6+ Kg5 40. Ke4 Rxb4 41. Kxe5 Rxb2 42. Kxd4 Rd2+ 43. Ke5 Rxd6 44. Kxd6 b4 0-1

[Event "62.Camp. Veneto Quarti di Finale"]
[Site "Arquà Petrarca ITA"]
[Date "2002.05.04"]
[Round "1.26"]
[White "Pomaro, Stefano"]
[Black "Bdair, Bilal"]
[Result "1-0"]
[WhiteElo "1626"]
[BlackElo "1300"]
[Annotator "Gabriele Ballarin"]
[PlyCount "55"]
[EventDate "2002.05.04"]
[EventType "swiss"]
[EventRounds "6"]
[EventCountry "ITA"]

1. e4 e6 2. Nf3 b6 3. d3 Bb7 4. Nbd2 d5 5. g3 Nh6 6. Bg2 f5 7. exf5 Nxf5 8. Qe2 Qe7 9. Nb3 h6 10. Ne5 Rg8 11. O-O Qf6 12. Re1 Bc8 13. Bd2 Nd7 14. Nc6 Nc5 15. Bxd5 Bd7 16. Bc3 Qf7 17. Ne5 Qe7 18. Bxa8 Qd6 19. Nxd7 Kxd7 20. Nxc5+ bxc5 21. Be5 Nd4 22. Bxd4 cxd4 23. Bg2 g5 24. Qe5 Qxe5 25. Rxe5 Bg7 26. Ra5 Rb8 27. b3 Rb7 28. Bxb7 1-0

[Event "62.Camp. Veneto Quarti di Finale"]
[Site "Arquà Petrarca ITA"]
[Date "2002.05.04"]
[Round "1.28"]
[White "Baracchi, Leonardo"]
[Black "Crescenzio, Alberto"]
[Result "1-0"]
[WhiteElo "1600"]
[BlackElo "1300"]
[Annotator "Gabriele Ballarin"]
[PlyCount "51"]
[EventDate "2002.05.04"]
[EventType "swiss"]
[EventRounds "6"]
[EventCountry "ITA"]

1. e4 e5 2. Nc3 Nf6 3. f4 Nc6 4. Nf3 Bb4 5. fxe5 Ng4 6. d4 O-O 7. Bd3 d5 8. O-O Bxc3 9. bxc3 dxe4 10. Bxe4 Re8 11. Ng5 g6 12. Nxf7 Qh4 13. h3 Ngxe5 14. Nxe5 Nxe5 15. Bd5+ Kg7 16. dxe5 Rxe5 17. Bb3 Bf5 18. Bb2 Rd8 19. Qf3 Kh6 20. Qf4+ Qxf4 21. Rxf4 Re2 22. Rf2 Rxf2 23. Kxf2 Rd2+ 24. Kf3 Bd7 25. Bc1 Bc6+ 26. Kg3 1-0

[Event "62.Camp. Veneto Quarti di Finale"]
[Site "Arquà Petrarca ITA"]
[Date "2002.05.04"]
[Round "1.29"]
[White "Mason, Michele"]
[Black "Canazza, Alessandro"]
[Result "0-1"]
[WhiteElo "1800"]
[BlackElo "1600"]
[Annotator "Gabriele Ballarin"]
[PlyCount "140"]
[EventDate "2002.05.04"]
[EventType "swiss"]
[EventRounds "6"]
[EventCountry "ITA"]

1. e4 c6 2. d4 d5 3. Nc3 dxe4 4. Nxe4 Nd7 5. Nf3 Ngf6 6. Bd3 Nxe4 7. Bxe4 Nf6 8. Bd3 Bg4 9. c3 e6 10. Bg5 Be7 11. h3 Bh5 12. g4 Bg6 13. Ne5 Bxd3 14. Qxd3 Nxg4 15. Nxg4 Bxg5 16. Qg3 Qd5 17. Rg1 Qe4+ 18. Ne3 Bxe3 19. Qxe3 Qxe3+ 20. fxe3 g6 21. O-O-O Rd8 22. Rgf1 Rd5 23. Rf6 Ke7 24. Rdf1 Rf5 25. R6xf5 exf5 26. Kd2 Re8 27. Kd3 Kf6 28. Rg1 Re4 29. Ke2 f4 30. Kf3 Rxe3+ 31. Kxf4 Rxh3 32. Rf1 Rh5 33. Rd1 Rf5+ 34. Ke3 h5 35. c4 Ke6 36. Ke4 Kd6 37. Rd2 h4 38. Rh2 Rh5 39. Kf4 b5 40. b3 bxc4 41. bxc4 Ra5 42. Kg4 Ra4 43. Rc2 Ke6 44. Re2+ Kf6 45. Rf2+ Kg7 46. Rc2 f6 47. Kxh4 Kh6 48. Kg3 Kg5 49. d5 cxd5 50. cxd5 Ra3+ 51. Kg2 Rd3 52. Rc5 f5 53. Kf2 Kf4 54. Rc7 Rxd5 55. Rxa7 Rd2+ 56. Kf1 g5 57. a4 Ra2 58. a5 Kf3 59. Kg1 g4 60. Rc7 Rxa5 61. Rc3+ Kf4 62. Kf2 Ra2+ 63. Kg1 Kg5 64. Rc5 Rb2 65. Kf1 Kf4 66. Rc4+ Kg3 67. Rc3+ Kh4 68. Rc5 f4 69. Rc4 Kg3 70. Rc3+ f3 0-1

[Event "62.Camp. Veneto Quarti di Finale"]
[Site "Arquà Petrarca ITA"]
[Date "2002.05.04"]
[Round "1.30"]
[White "Chinello, Gianmarco"]
[Black "Menin, Massimo"]
[Result "1-0"]
[WhiteElo "1600"]
[BlackElo "1300"]
[Annotator "Gabriele Ballarin"]
[PlyCount "85"]
[EventDate "2002.05.04"]
[EventType "swiss"]
[EventRounds "6"]
[EventCountry "ITA"]

1. e4 c5 2. Nf3 d6 3. d4 cxd4 4. Nxd4 Nf6 5. Nc3 a6 6. a3 Nc6 7. Bc4 g6 8. f3 Bg7 9. Be3 O-O 10. Qd2 Qc7 11. Nxc6 Qxc6 12. Bd5 Nxd5 13. Nxd5 Re8 14. c3 b5 15. Bh6 Be6 16. Bxg7 Kxg7 17. Nb4 Qb6 18. Qd4+ Qxd4 19. cxd4 Rec8 20. Kd2 a5 21. Nc2 Bb3 22. Ne3 a4 23. Rhc1 e5 24. d5 Rc5 25. Rxc5 dxc5 26. Rc1 Rc8 27. Nf1 f5 28. Kc3 b4+ 29. Kd2 bxa3 30. bxa3 c4 31. Ne3 Kf6 32. Kc3 h5 33. Kb4 Rb8+ 34. Kc5 Rc8+ 35. Kd6 f4 36. Nc2 c3 37. Kd7 Rc4 38. d6 g5 39. Kd8 Kf7 40. d7 Rc5 41. Nb4 c2 42. Nd3 Rb5 43. Kc7 1-0

[Event "62.Camp. Veneto Quarti di Finale"]
[Site "Arquà Petrarca ITA"]
[Date "2002.05.04"]
[Round "1.32"]
[White "Liguori, Michele"]
[Black "Sommacal, Giovanni"]
[Result "1-0"]
[WhiteElo "1600"]
[BlackElo "1300"]
[Annotator "Gabriele Ballarin"]
[PlyCount "43"]
[EventDate "2002.05.04"]
[EventType "swiss"]
[EventRounds "6"]
[EventCountry "ITA"]

1. e4 e5 2. Bc4 Nf6 3. d3 Bb4+ 4. c3 Ba5 5. Nf3 Nc6 6. O-O d6 7. h3 O-O 8. Bg5 Be6 9. Bb3 b5 10. d4 exd4 11. cxd4 Bxb3 12. Qxb3 a6 13. e5 Bb6 14. exf6 g6 15. Rd1 Qd7 16. Na3 Na5 17. Qd5 c6 18. Qe4 Rfe8 19. Qh4 h5 20. Bh6 Rad8 21. Re1 Re6 22. Bg7 1-0

[Event "62.Camp. Veneto Quarti di Finale"]
[Site "Arquà Petrarca ITA"]
[Date "2002.05.12"]
[Round "2.7"]
[White "Canazza, Alessandro"]
[Black "Bassetto, Marco"]
[Result "1/2-1/2"]
[WhiteElo "1600"]
[BlackElo "1792"]
[Annotator "Gabriele Ballarin"]
[PlyCount "91"]
[EventDate "2002.05.04"]
[EventType "swiss"]
[EventRounds "6"]
[EventCountry "ITA"]

1. d4 Nf6 2. c4 e5 3. dxe5 Ng4 4. Nf3 Nc6 5. Bf4 Bb4+ 6. Nbd2 Qe7 7. a3 Ngxe5 8. Nxe5 Nxe5 9. e3 Bxd2+ 10. Qxd2 O-O 11. Be2 d6 12. Qc2 Ng6 13. Bg3 f5 14. O-O Ne5 15. Qc3 Bd7 16. c5 Bc6 17. cxd6 cxd6 18. Rac1 g5 19. Bxe5 Qxe5 20. Qxe5 dxe5 21. Rc5 Rae8 22. Bc4+ Kg7 23. Bd5 Bxd5 24. Rxd5 h5 25. Rfd1 Rf7 26. Rd7 Kf6 27. Rxf7+ Kxf7 28. Kf1 Ke6 29. Rc1 Rd8 30. Ke2 Rd6 31. f3 Rc6 32. Rxc6+ bxc6 33. Kd3 Kd5 34. e4+ fxe4+ 35. fxe4+ Kc5 36. Kc3 Kb5 37. b3 Kc5 38. b4+ Kb5 39. Kb3 c5 40. a4+ Kb6 41. Kc4 cxb4 42. Kxb4 a5+ 43. Kc4 Kc6 44. g3 g4 45. Kb3 Kd6 46. Kc4 1/2-1/2

[Event "62.Camp. Veneto Quarti di Finale"]
[Site "Arquà Petrarca ITA"]
[Date "2002.05.05"]
[Round "2.8"]
[White "Chinello, Gianmarco"]
[Black "Quaranta, Cristiano"]
[Result "1-0"]
[WhiteElo "1600"]
[BlackElo "1783"]
[Annotator "Gabriele Ballarin"]
[PlyCount "62"]
[EventDate "2002.05.04"]
[EventType "swiss"]
[EventRounds "6"]
[EventCountry "ITA"]

1. e4 c5 2. Nf3 Nc6 3. d4 cxd4 4. Nxd4 Nf6 5. Nc3 e5 6. Nf3 d6 7. Bg5 Be7 8. Bc4 a6 9. O-O O-O 10. Qd2 b5 11. Bb3 b4 12. Bxf6 Bxf6 13. Nd5 a5 14. Rad1 Ba6 15. Rfe1 Bh4 16. Nxh4 Qxh4 17. Nc7 Ra7 18. Qxd6 Bb7 19. Qc5 a4 20. Bd5 Ra5 21. Qb6 Rxd5 22. exd5 Nd8 23. Rxe5 Qc4 24. Rde1 g6 25. Re8 Qh4 26. Qc5 Ne6 27. dxe6 Rxe8 28. Nxe8 fxe6 29. Qc7 Qd4 30. Qxb7 Qxb2 31. Qg7+ Qxg7 1-0

[Event "62.Camp. Veneto Quarti di Finale"]
[Site "Arquà Petrarca ITA"]
[Date "2002.05.05"]
[Round "2.9"]
[White "Chiumello, Roberto"]
[Black "Roberti, Ignazio"]
[Result "1-0"]
[WhiteElo "1600"]
[BlackElo "1769"]
[Annotator "Gabriele Ballarin"]
[PlyCount "113"]
[EventDate "2002.05.04"]
[EventType "swiss"]
[EventRounds "6"]
[EventCountry "ITA"]

1. c4 Nf6 2. Nf3 e6 3. Nc3 b6 4. g3 Bb7 5. Bg2 Be7 6. d4 c6 7. e4 d5 8. e5 Nfd7 9. b3 Na6 10. cxd5 exd5 11. O-O Nc7 12. Re1 O-O 13. Re2 Ne6 14. Be3 Re8 15. Rc2 f6 16. Bh3 Ndf8 17. Ne2 c5 18. Nf4 Bc8 19. Bg2 cxd4 20. Nxd4 fxe5 21. Nc6 Qd6 22. Nxd5 Nd4 23. Ndxe7+ Kh8 24. Bxd4 exd4 25. Rac1 Bb7 26. Nf5 Qf6 27. Nfxd4 Rac8 28. Nxa7 Rxc2 29. Rxc2 Bxg2 30. Kxg2 Rd8 31. Nab5 Ne6 32. Nxe6 Re8 33. Qd7 Qg6 34. Qxg7+ Qxg7 35. Nxg7 Kxg7 36. Rc6 Re2 37. a4 Rb2 38. Nd4 b5 39. a5 b4 40. Rb6 Ra2 41. a6 Kg8 42. Nc6 Kf7 43. a7 Ke8 44. Rb8+ Kd7 45. a8=Q Rxa8 46. Rxa8 Kxc6 47. Rb8 Kc5 48. Kf3 h6 49. Ke4 h5 50. f4 Kd6 51. f5 Ke7 52. Rb6 Kf7 53. Ke5 h4 54. Rb7+ Kg8 55. Kf6 hxg3 56. hxg3 Kh8 57. Kg6 1-0

[Event "62.Camp. Veneto Quarti di Finale"]
[Site "Arquà Petrarca ITA"]
[Date "2002.05.05"]
[Round "2.10"]
[White "Marson, Luca"]
[Black "Liguori, Michele"]
[Result "1-0"]
[WhiteElo "1732"]
[BlackElo "1600"]
[Annotator "Gabriele Ballarin"]
[PlyCount "77"]
[EventDate "2002.05.04"]
[EventType "swiss"]
[EventRounds "6"]
[EventCountry "ITA"]

1. e4 c6 2. d4 d5 3. f3 e6 4. Be3 Qb6 5. Qc1 c5 6. dxc5 Bxc5 7. Bxc5 Qxc5 8. Qd2 dxe4 9. fxe4 Nf6 10. Nc3 Nc6 11. O-O-O Ng4 12. Bb5 O-O 13. Nh3 a6 14. Bxc6 bxc6 15. Qe2 Ne5 16. Rhf1 Nc4 17. Rd3 Qb4 18. Nd1 Ne5 19. Rg3 Bd7 20. Nf4 Qe7 21. Nh5 Ng6 22. e5 Qh4 23. Nc3 c5 24. Ne4 Bb5 25. c4 Bxc4 26. Nhf6+ gxf6 27. Qxc4 Qh6+ 28. Kb1 Kh8 29. Nxf6 Nxe5 30. Qc3 Ng6 31. Rh3 Nh4 32. g3 Qg6+ 33. Ka1 Rad8 34. Rxh4 Rd3 35. Qe5 Rfd8 36. Rxh7+ Qxh7 37. Nxh7+ Kxh7 38. Rxf7+ Kh6 39. Qg7+ 1-0